000
00197 a2200097 4500
001
11092
100
_a
May, L.
245
_a
Indo-Muslim thought
260
_a
_b
M. Ashraf
_c
090
_c
8649
_d
8649
942
_a
NUST-CAE
_c
M
_c
35432
999
_c
246165
_d
246165